00885nam a2200265 a 450000100060000000300090000600500170001500800410003202000210007302000150009403500180010904000230012704100080015008200290015824500650018726000470025230000310029950400290033065000350035970000340039483000390042894200120046799900170047995201230049658011BD-RJUL 20211209080558.0161212s19691985enka b 001 0 eng  a0333102061 (pbk) a0333035305 aBD-RJUL 58135 aDLCcDLCdm.cbeng aeng 223 a320.308 bCOM 1985 00aComparative government :ba reader /cedited by Jean Blondel aLondon :bMacmillan,c1969 [reprint 1985]  al, 270 p. :bill. ;c20 cm aBibliography: p. 243-255 0aComparative government91717421 aBlondel, Jean,d1929-9172284 0aMacmillan student editions9172295 2ddccBK c58011d58011 00102ddc40718NFICaRUCLbRUCLcReadingd1988-07-05l0o320.308 COM 1985r2016-12-12 00:00:00tC-1w2016-12-12yBK